[Event "13ème Open International de NANTES"]
[Site "Nantes - France"]
[Date "2014.12.30"]
[Round "6.8"]
[White "Flachet, Thierry"]
[Black "Bellaiche, Guy"]
[Result "1-0"]
[WhiteElo "2117"]
[BlackElo "1794"]
[PlyCount "71"]
[EventDate "2014.??.??"]

1. Nf3 Nf6 2. c4 e6 3. d4 d5 4. Bg5 Nbd7 5. Nbd2 Be7 6. Rc1 O-O 7. e3 b6 8. Bd3
Bb7 9. O-O c5 10. Qe2 Rc8 11. Rfd1 Re8 12. Ne5 Nxe5 13. dxe5 Nd7 14. Bxe7 Qxe7
15. f4 f6 16. exf6 Qxf6 17. Nf3 e5 18. fxe5 Nxe5 19. cxd5 Nxd3 20. Qxd3 Qxb2
21. Rc2 Qf6 22. e4 Rcd8 23. Rcd2 a6 24. Qe3 Ba8 25. Ng5 c4 26. Ne6 Rb8 27. Rf2
Qe7 28. Rdf1 Rb7 29. Rf8+ Rxf8 30. Rxf8+ Qxf8 31. Nxf8 Kxf8 32. e5 b5 33. e6
Ke7 34. Qe5 b4 35. d6+ Ke8 36. d7+ 1-0

[Event "13ème Open International de NANTES"]
[Site "Nantes - France"]
[Date "2014.12.30"]
[Round "6.9"]
[White "Julien, Jules-Alois"]
[Black "Lucas, Arthur"]
[Result "1-0"]
[WhiteElo "2039"]
[BlackElo "1766"]
[PlyCount "35"]
[EventDate "2014.??.??"]

1. e4 e5 2. f4 exf4 3. Bc4 Qh4+ 4. Kf1 Nf6 5. Nf3 Qh5 6. Qe2 Be7 7. e5 Ng4 8.
Nc3 O-O 9. Nd5 Bd8 10. Nxf4 Qf5 11. d4 d6 12. h3 Nh6 13. g4 Qd7 14. e6 Qe8 15.
g5 Bxg5 16. exf7+ Nxf7 17. Qxe8 Rxe8 18. Nxg5 1-0

[Event "13ème Open International de NANTES"]
[Site "Nantes - France"]
[Date "2014.12.30"]
[Round "6.10"]
[White "Caillot, Arnaud"]
[Black "Mishkovski, Lubomir"]
[Result "0-1"]
[WhiteElo "1614"]
[BlackElo "2019"]
[PlyCount "88"]
[EventDate "2014.??.??"]

1. d4 Nf6 2. c4 g6 3. Nc3 Bg7 4. e4 d6 5. Nf3 O-O 6. Be2 e5 7. O-O exd4 8. Nxd4
Nc6 9. Nxc6 bxc6 10. Bf4 Nd7 11. Qc2 Qf6 12. Bd2 h5 13. Rad1 a5 14. Rfe1 Nc5
15. b3 h4 16. h3 Ne6 17. Na4 Nf4 18. Bg4 Bxg4 19. hxg4 Qg5 20. f3 Be5 21. Bc3
Rfe8 22. Qf2 c5 23. Bxe5 Rxe5 24. Nc3 Ree8 25. Qd2 Qf6 26. Kh2 Qe5 27. Kg1 h3
28. gxh3 Nxh3+ 29. Kf1 a4 30. Nxa4 Qg3 31. Qg2 Qh4 32. Nc3 Nf4 33. Qg1 Qh3+ 34.
Kf2 Qh8 35. Qg3 Qxc3 36. Qxf4 Rxa2+ 37. Kg3 Qb2 38. Qh6 Qg2+ 39. Kf4 Rf2 40.
Re3 Rf1 41. Rxf1 Qxf1 42. Qg5 Kg7 43. e5 dxe5+ 44. Rxe5 f6 0-1

[Event "13ème Open International de NANTES"]
[Site "Nantes - France"]
[Date "2014.12.30"]
[Round "6.11"]
[White "Durand-Le Ludec, Brendan-Budok"]
[Black "Pellegrini, Thibaud"]
[Result "1-0"]
[WhiteElo "2007"]
[BlackElo "1702"]
[PlyCount "83"]
[EventDate "2014.??.??"]

1. d4 d6 2. e4 Nf6 3. Nc3 Nbd7 4. Nf3 e5 5. g4 Nxg4 6. Rg1 exd4 7. Nxd4 Nde5 8.
h3 Nf6 9. f4 Ng6 10. Be3 c6 11. Qf3 d5 12. e5 Ne4 13. Nxe4 dxe4 14. Qxe4 Bxh3
15. Bxh3 Qh4+ 16. Bf2 Qxh3 17. O-O-O Bc5 18. f5 Bxd4 19. Rxd4 Ne7 20. f6 gxf6
21. exf6 Qh6+ 22. Kb1 Qxf6 23. Bh4 Qe6 24. Qd3 Qf5 25. Re4 Qd5 26. Rxe7+ Kf8
27. Qxd5 cxd5 28. Rf1 Kg7 29. Rfxf7+ Kg6 30. Rxb7 Raf8 31. Rxf8 Rxf8 32. b3 Rf4
33. Bg3 Rf3 34. Bd6 h5 35. Rxa7 h4 36. Kb2 h3 37. a4 d4 38. Ra8 Kh7 39. Be5 Rf2
40. Bxd4 h2 41. Rh8+ Kg6 42. Bxf2 1-0

[Event "13ème Open International de NANTES"]
[Site "Nantes - France"]
[Date "2014.12.30"]
[Round "6.12"]
[White "Genereau, Thierry"]
[Black "Pagandet, Eric"]
[Result "1/2-1/2"]
[WhiteElo "1874"]
[BlackElo "1636"]
[PlyCount "83"]
[EventDate "2014.??.??"]

1. c4 e5 2. g3 Nc6 3. Nc3 g6 4. Bg2 Bg7 5. e4 Nge7 6. Nge2 d6 7. d3 Nd4 8. Nxd4
exd4 9. Nd5 c6 10. Nf4 Qc7 11. Bd2 Bd7 12. b4 O-O 13. h4 h6 14. Qb3 Kh7 15. a4
f5 16. O-O fxe4 17. Bxe4 Bf5 18. Bxf5 Nxf5 19. Ne6 Qd7 20. Nxf8+ Rxf8 21. Be1
Nxh4 22. f4 Nf5 23. Bf2 Ne3 24. Bxe3 dxe3 25. Rae1 Bd4 26. Kg2 c5 27. b5 b6 28.
Qd1 Qf5 29. g4 Qd7 30. Qf3 a6 31. Rh1 Kg7 32. bxa6 Qxa4 33. Ra1 Bxa1 34. Qb7+
Rf7 35. Qxb6 Bd4 36. Kf3 Qd7 37. Rh2 Qa7 38. Qxd6 Rf6 39. Qd8 Rf8 40. Qd6 Rf6
41. Qd8 Rf8 42. Qd6 1/2-1/2